| 000 | 01409nam a2200385Ia 4500 | ||
|---|---|---|---|
| 001 | dia_4508 | ||
| 003 | CHAP | ||
| 005 | 20240503123245.0 | ||
| 007 | ta | ||
| 008 | 220117s1984 mx abd f 001 0 spa d | ||
| 040 |
_cCHAP _amxchpua |
||
| 090 |
_aT.C.708 _bS28 IA _c1984 |
||
| 245 | 1 | 0 |
_aEmpacadora de melón en el municipio de Tuzantla, Michoacán / _ccoordinador Cresenciano Saucedo Veloz ; colaboradores Cenorino Bautista Hidalgo...[y otros] |
| 260 |
_aMéxico : _bEl autor, _c1984 |
||
| 300 |
_a84 hojas : _bilustraciones, tablas, gráficas, mapas |
||
| 336 |
_2rdacontent _atexto _btxt |
||
| 337 |
_2rdamedia _ano mediado _bn |
||
| 338 |
_2rdacarrier _avolumen _bnc |
||
| 500 | _aGrado: 6° año | ||
| 502 |
_aViaje de estudios _b(IA) -- _cUACh. Departamento de Industrias Agrícolas, _d1984 |
||
| 504 | _abibliografía: hojas 81-82 | ||
| 505 | _aContiene 1 plano: -- 1.Plano de área | ||
| 650 | 1 | 3 |
_aEnvasado de alimentos _9147758 |
| 650 | 1 | 3 |
_aMelones _9156068 _zMéxico _zMichoacán |
| 650 | 1 | 3 |
_aFood packaging _9147759 |
| 650 | 1 | 3 |
_aMelons _9156069 _zMexico _zMichoacán |
| 700 | 1 |
_aSaucedo Veloz, Cresenciano _9147961 _ecoordinador |
|
| 700 | 1 |
_aBautista Hidalgo, Cenorino _9156070 _ecolaborador |
|
| 901 | _aT.C.708 S28 IA 1984 | ||
| 902 | _aM | ||
| 905 | _a5232271984 mx enma8223123322spa16 | ||
| 942 | _2local | ||
| 942 | _cVE | ||
| 999 |
_c175168 _d175168 |
||